| 000 | 00612nam a22001817a 4500 | ||
|---|---|---|---|
| 999 |
_c16532 _d16532 |
||
| 003 | AR-CdUCM | ||
| 008 | 190503b ||||| |||| 00| 0 spa d | ||
| 040 |
_aMUNICIPALIDAD PROVINCIAL DEL CUSCO _cBIBLIOTECA MUNICIPAL DEL CUSCO |
||
| 082 |
_a891.32 / _bD724 |
||
| 100 |
_aDostoiewaki, Fedor _936026 |
||
| 245 |
_aObras completas : _bla aldea de stepanchikoco y sus moradores / |
||
| 260 |
_aMexico : _bNacional, _c1967. |
||
| 300 |
_a320 páginas ; _c18 cm. |
||
| 505 | _aEl doble -- Un adolescente -- El idiota -- El eterno marido... | ||
| 650 |
_aObras literarias. _9403 |
||
| 942 |
_2ddc _cLIBROS |
||
| 945 | _awfj | ||